000 00705nam a22001817a 4500
003 BUBTL
008 190428b xxu||||| |||| 00| 0 eng d
020 _a978-984-90705-8-0
082 _a954.92 / WAB
100 _92298
_aওয়াহাব, আবদুল
245 _aবঙ্গবন্ধুর ৭ মার্চের ভাষণ :
_bইতিহাস ও তত্ত /
_cআবদুল ওয়াহাব
260 _aঢাকা :
_bমাওলা ব্রাদার্স,
_cc2014
300 _a535 p. :
_bill. ;
_c22 cm.
650 0 _91755
_aমুক্তিযুদ্ধ
856 _k0
_l0
_yDownload
942 _2ddc
_cBK
999 _c5996
_d5996